Royal romance triple feature : (Record no. 320399)
[ view plain ]
| 000 -LEADER | |
|---|---|
| fixed length control field | 06525cgm a2201237Ii 4500 |
| 001 - CONTROL NUMBER | |
| control field | on1098061681 |
| 003 - CONTROL NUMBER IDENTIFIER | |
| control field | OCoLC |
| 005 - DATE AND TIME OF LATEST TRANSACTION | |
| control field | 20200320221119.0 |
| 007 - PHYSICAL DESCRIPTION FIXED FIELD--GENERAL INFORMATION | |
| fixed length control field | vd cvaizq |
| 008 - FIXED-LENGTH DATA ELEMENTS--GENERAL INFORMATION | |
| fixed length control field | 190422p20192018xxu253 g vleng d |
| 024 1# - OTHER STANDARD IDENTIFIER | |
| Standard number or code | 767685161487 |
| 028 42 - PUBLISHER NUMBER | |
| Publisher number | HM6148 |
| Source | Hallmark |
| -- | (container) |
| 028 42 - PUBLISHER NUMBER | |
| Publisher number | 1074901 |
| Source | Hallmark |
| -- | (disc) |
| 028 42 - PUBLISHER NUMBER | |
| Publisher number | 2116589 |
| Source | Hallmark |
| -- | (disc) |
| 035 ## - SYSTEM CONTROL NUMBER | |
| System control number | (OCoLC)1098061681 |
| 037 ## - SOURCE OF ACQUISITION | |
| Source of stock number/acquisition | Midwest Tape |
| Note | http://www.midwesttapes.com |
| 040 ## - CATALOGING SOURCE | |
| Original cataloging agency | TEFMT |
| Language of cataloging | eng |
| Description conventions | rda |
| Transcribing agency | TEFMT |
| Modifying agency | OCLCO |
| -- | TEF |
| -- | OCLCF |
| -- | GL4 |
| -- | OCLCO |
| -- | WACOL |
| 041 1# - LANGUAGE CODE | |
| Language code of text/sound track or separate title | eng |
| -- | eng |
| Language code of original and/or intermediate translations of text | eng |
| 049 ## - LOCAL HOLDINGS (OCLC) | |
| Holding library | WACL |
| 050 #4 - LIBRARY OF CONGRESS CALL NUMBER | |
| Classification number | PN1997.2 |
| Item number | .R693 2019 |
| 082 04 - DEWEY DECIMAL CLASSIFICATION NUMBER | |
| Classification number | 791.43/75 |
| Edition number | 23 |
| 092 ## - LOCALLY ASSIGNED DEWEY CALL NUMBER (OCLC) | |
| Classification number | DVD |
| Item number | Roy |
| 245 00 - TITLE STATEMENT | |
| Title | Royal romance triple feature : |
| Remainder of title | Royal hearts ; Royal matchmaker ; Once upon a prince. |
| 246 3# - VARYING FORM OF TITLE | |
| Title proper/short title | Royal hearts |
| 246 3# - VARYING FORM OF TITLE | |
| Title proper/short title | Royal matchmaker |
| 246 3# - VARYING FORM OF TITLE | |
| Title proper/short title | Once upon a prince |
| 264 #1 - Production, Publication, Distribution, Manufacture, and Copyright Notice. | |
| Place of production, publication, distribution, manufacture | [United States] : |
| Name of producer, publisher, distributor, manufacturer | Hallmark, |
| Date of production, publication, distribution, manufacture, or copyr | [2019] |
| 264 #2 - Production, Publication, Distribution, Manufacture, and Copyright Notice. | |
| Name of producer, publisher, distributor, manufacturer | Cinedigm Entertainment Corp. |
| 300 ## - PHYSICAL DESCRIPTION | |
| Extent | 1 videodisc (253 min.) : |
| Other physical details | sound, color ; |
| Dimensions | 4 3/4 in. |
| 336 ## - Content Type | |
| Content type term | two-dimensional moving image |
| 337 ## - Media type | |
| Media type term | video |
| 338 ## - Carrier type | |
| Carrier type term | videodisc |
| 344 ## - | |
| -- | digital |
| -- | rdatr |
| 344 ## - | |
| -- | optical |
| -- | rdarm |
| 344 ## - | |
| -- | surround |
| -- | rdacpc |
| 344 ## - | |
| -- | Dolby Digital 5.1 |
| 347 ## - | |
| -- | video file |
| -- | rdaft |
| 347 ## - | |
| -- | DVD video |
| 347 ## - | |
| -- | region 1 |
| -- | rdare |
| 380 ## - | |
| -- | Motion picture |
| 538 ## - SYSTEM DETAILS NOTE | |
| System details note | DVD; widescreen ; region 1; Dolby Digital 5.1 |
| 546 ## - LANGUAGE NOTE | |
| Language note | English dialogue; English subtitles for the deaf and hard of hearing (SDH) ; closed-captioned. |
| 500 ## - GENERAL NOTE | |
| General note | Title from disc surface. |
| 511 1# - PARTICIPANT OR PERFORMER NOTE | |
| Participant or performer note | Royal hearts: James Brolin, Cindy Busby, Andrew Cooper, Lachlan Nieboer, Glynis Barber. |
| 511 1# - PARTICIPANT OR PERFORMER NOTE | |
| Participant or performer note | Royal matchmaker: Joy Kenz, Will Kemp, Simon Dutton, Joseph Thompson, Brittany Bristow. |
| 511 1# - PARTICIPANT OR PERFORMER NOTE | |
| Participant or performer note | Once upon a prince: Megan Parker, Jonathan Keltz. |
| 500 ## - GENERAL NOTE | |
| General note | Widescreen. |
| 505 00 - FORMATTED CONTENTS NOTE | |
| Title | Royal hearts -- |
| -- | Royal matchmaker -- |
| -- | Once upon a prince. |
| 521 8# - TARGET AUDIENCE NOTE | |
| Target audience note | Rating: TVG |
| -- | Rating: Not rated. |
| 520 ## - SUMMARY, ETC. | |
| Summary, etc | Royal hearts: Kelly and her father, Hank, receive news that he has inherited an estate in a different country. Upon their arrival, he's shocked to discover that not only has he inherited the estate, but also a kingdom. |
| 520 ## - SUMMARY, ETC. | |
| Summary, etc | Royal matchmaker: A struggling NYC matchmaker is hired by a king to find his son a suitable wife in time for a national celebration. As the clock ticks towards her deadline, the matchmaker finds him the perfect wife, only to realize that she's fallen in love with him! |
| 520 ## - SUMMARY, ETC. | |
| Summary, etc | Once upon a prince: Susanna gladly accepts help from handsome stranger Nate at her parents' garden store in small-town Georgia. Sparks fly, but when a photo of them gets leaked to the press, Susanna is in for the shock of her life when Nate is called back home by his mother...for his coronation as King Nathaniel of Cambria! |
| 500 ## - GENERAL NOTE | |
| General note | All films originally released as motion pictures in 2018. |
| 508 ## - CREATION/PRODUCTION CREDITS NOTE | |
| Creation/production credits note | Royal hearts: a Brad Krevoy Television production ; directed by James Brolin ; produced by Amy Krell; story by John J. Sakmar ; teleplay by Robin Bernheim Burger & Kerry Lenhart ; music by John R. Graham ; director of photography, Phil Parmet. |
| 508 ## - CREATION/PRODUCTION CREDITS NOTE | |
| Creation/production credits note | Royal matchmaker: a Brad Krevoy Television production ; directed by Mike Rohl ; produced by Amy Krell ; written by Mark Amato ; music by Terry Frewer ; director of photography, Viorel Sergovici. |
| 508 ## - CREATION/PRODUCTION CREDITS NOTE | |
| Creation/production credits note | Once upon a prince: produced with participation of Canadian Film or Video Production Tax Credit ; directed by Alexander J. F. Wright ; produced by Oliver de Caigny ; written by Tracey Andreen ; music by Jason Nielsen ; director of photography, Mike Kam. |
| 521 ## - TARGET AUDIENCE NOTE | |
| Target audience note | DVD |
| Source | Midwest Tape |
| 650 #0 - SUBJECT ADDED ENTRY--TOPICAL TERM | |
| Topical term or geographic name as entry element | Man-woman relationships |
| Form subdivision | Drama. |
| 9 (RLIN) | 5673977 |
| 650 #0 - SUBJECT ADDED ENTRY--TOPICAL TERM | |
| Topical term or geographic name as entry element | Kings and rulers |
| Form subdivision | Drama. |
| 9 (RLIN) | 5701850 |
| 650 #0 - SUBJECT ADDED ENTRY--TOPICAL TERM | |
| Topical term or geographic name as entry element | Princes |
| Form subdivision | Drama. |
| 9 (RLIN) | 5698098 |
| 650 #0 - SUBJECT ADDED ENTRY--TOPICAL TERM | |
| Topical term or geographic name as entry element | Ranchers |
| Form subdivision | Drama. |
| 9 (RLIN) | 6005975 |
| 650 #0 - SUBJECT ADDED ENTRY--TOPICAL TERM | |
| Topical term or geographic name as entry element | Matchmakers |
| Form subdivision | Drama. |
| 9 (RLIN) | 6005976 |
| 650 #0 - SUBJECT ADDED ENTRY--TOPICAL TERM | |
| Topical term or geographic name as entry element | Dating services |
| Form subdivision | Drama. |
| 9 (RLIN) | 6005977 |
| 650 #7 - SUBJECT ADDED ENTRY--TOPICAL TERM | |
| Topical term or geographic name as entry element | Kings and rulers. |
| Source of heading or term | fast |
| -- | (OCoLC)fst00987694 |
| 9 (RLIN) | 6005978 |
| 650 #7 - SUBJECT ADDED ENTRY--TOPICAL TERM | |
| Topical term or geographic name as entry element | Man-woman relationships. |
| Source of heading or term | fast |
| -- | (OCoLC)fst01007080 |
| 9 (RLIN) | 6005979 |
| 650 #7 - SUBJECT ADDED ENTRY--TOPICAL TERM | |
| Topical term or geographic name as entry element | Ranchers. |
| Source of heading or term | fast |
| -- | (OCoLC)fst01089749 |
| 9 (RLIN) | 6005980 |
| 655 #7 - INDEX TERM--GENRE/FORM | |
| Genre/form data or focus term | Romance films. |
| Source of term | lcgft |
| 9 (RLIN) | 5675183 |
| 655 #7 - INDEX TERM--GENRE/FORM | |
| Genre/form data or focus term | Made-for-TV movies. |
| Source of term | lcgft |
| 9 (RLIN) | 6005981 |
| 655 #7 - INDEX TERM--GENRE/FORM | |
| Genre/form data or focus term | Feature films. |
| Source of term | lcgft |
| 9 (RLIN) | 6005982 |
| 655 #7 - INDEX TERM--GENRE/FORM | |
| Genre/form data or focus term | Video recordings for the hearing impaired. |
| Source of term | lcgft |
| 9 (RLIN) | 6005983 |
| 655 #7 - INDEX TERM--GENRE/FORM | |
| Genre/form data or focus term | Fiction films. |
| Source of term | lcgft |
| 9 (RLIN) | 5674705 |
| 655 #7 - INDEX TERM--GENRE/FORM | |
| Genre/form data or focus term | Drama. |
| Source of term | fast |
| -- | (OCoLC)fst01423879 |
| 9 (RLIN) | 5673873 |
| 655 #7 - INDEX TERM--GENRE/FORM | |
| Genre/form data or focus term | Feature films. |
| Source of term | fast |
| -- | (OCoLC)fst01710384 |
| 9 (RLIN) | 6005982 |
| 655 #7 - INDEX TERM--GENRE/FORM | |
| Genre/form data or focus term | Fiction films. |
| Source of term | fast |
| -- | (OCoLC)fst01710264 |
| 9 (RLIN) | 5674705 |
| 655 #7 - INDEX TERM--GENRE/FORM | |
| Genre/form data or focus term | Video recordings for the hearing impaired. |
| Source of term | fast |
| -- | (OCoLC)fst01710450 |
| 9 (RLIN) | 6005983 |
| 700 1# - ADDED ENTRY--PERSONAL NAME | |
| Personal name | Brolin, James, |
| Dates associated with a name | 1940- |
| Relator term | film director, |
| -- | actor. |
| 9 (RLIN) | 63033 |
| 700 1# - ADDED ENTRY--PERSONAL NAME | |
| Personal name | Rohl, Mike, |
| Relator term | film director. |
| 9 (RLIN) | 6005984 |
| 700 1# - ADDED ENTRY--PERSONAL NAME | |
| Personal name | Wright, Alex, |
| Relator term | film director |
| 9 (RLIN) | 6005985 |
| 700 1# - ADDED ENTRY--PERSONAL NAME | |
| Personal name | Krell, Amy, |
| Relator term | film producer. |
| 9 (RLIN) | 6005986 |
| 700 1# - ADDED ENTRY--PERSONAL NAME | |
| Personal name | Caigny, Oliver de, |
| Dates associated with a name | 1983- |
| Relator term | film producer. |
| 9 (RLIN) | 6005987 |
| 700 1# - ADDED ENTRY--PERSONAL NAME | |
| Personal name | Skamar, John J., |
| Relator term | author. |
| 9 (RLIN) | 6005988 |
| 700 1# - ADDED ENTRY--PERSONAL NAME | |
| Personal name | Bernheim, Robin, |
| Relator term | screenwriter. |
| 9 (RLIN) | 6005989 |
| 700 1# - ADDED ENTRY--PERSONAL NAME | |
| Personal name | Lenhart, Kerry, |
| Relator term | screenwriter. |
| 9 (RLIN) | 6005990 |
| 700 1# - ADDED ENTRY--PERSONAL NAME | |
| Personal name | Amato, Mark, |
| Relator term | screenwriter. |
| 9 (RLIN) | 6005991 |
| 700 1# - ADDED ENTRY--PERSONAL NAME | |
| Personal name | Andreen, Tracey, |
| Relator term | screenwriter. |
| 9 (RLIN) | 6005992 |
| 700 1# - ADDED ENTRY--PERSONAL NAME | |
| Personal name | Bristow, Brittany, |
| Dates associated with a name | 1990- |
| Relator term | actor. |
| 9 (RLIN) | 6005993 |
| 700 1# - ADDED ENTRY--PERSONAL NAME | |
| Personal name | Busby, Cindy, |
| Dates associated with a name | 1983- |
| Relator term | actor. |
| 9 (RLIN) | 6005994 |
| 700 1# - ADDED ENTRY--PERSONAL NAME | |
| Personal name | Cooper, Andrew, |
| Relator term | actor. |
| 9 (RLIN) | 5804282 |
| 700 1# - ADDED ENTRY--PERSONAL NAME | |
| Personal name | Dutton, Simon, |
| Relator term | actor. |
| 9 (RLIN) | 5775496 |
| 700 1# - ADDED ENTRY--PERSONAL NAME | |
| Personal name | Barber, Glynis, |
| Dates associated with a name | 1955- |
| Relator term | actor. |
| 9 (RLIN) | 6005995 |
| 700 1# - ADDED ENTRY--PERSONAL NAME | |
| Personal name | Keltz, Jonathan, |
| Dates associated with a name | 1988- |
| Relator term | actor. |
| 9 (RLIN) | 6005996 |
| 700 1# - ADDED ENTRY--PERSONAL NAME | |
| Personal name | Kemp, Will, |
| Dates associated with a name | 1977- |
| Relator term | actor. |
| 9 (RLIN) | 73855 |
| 700 1# - ADDED ENTRY--PERSONAL NAME | |
| Personal name | Kenz, Joy, |
| Relator term | actor. |
| 9 (RLIN) | 5775495 |
| 700 1# - ADDED ENTRY--PERSONAL NAME | |
| Personal name | Lenz, Joie, |
| Dates associated with a name | 1981- |
| Relator term | actor. |
| 9 (RLIN) | 6005997 |
| 700 1# - ADDED ENTRY--PERSONAL NAME | |
| Personal name | Nieboer, Lachlan, |
| Relator term | actor. |
| 9 (RLIN) | 6005998 |
| 700 1# - ADDED ENTRY--PERSONAL NAME | |
| Personal name | Parker, Megan, |
| Relator term | actor. |
| 9 (RLIN) | 6005999 |
| 700 1# - ADDED ENTRY--PERSONAL NAME | |
| Personal name | Thompson, Joseph, |
| Relator term | actor. |
| 9 (RLIN) | 5775497 |
| 710 2# - ADDED ENTRY--CORPORATE NAME | |
| Corporate name or jurisdiction name as entry element | Hallmark Channel (Television network), |
| Relator term | publisher. |
| 9 (RLIN) | 5690645 |
| 710 2# - ADDED ENTRY--CORPORATE NAME | |
| Corporate name or jurisdiction name as entry element | Cinedigm (Firm), |
| Relator term | film distributor. |
| 9 (RLIN) | 5724938 |
| 710 2# - ADDED ENTRY--CORPORATE NAME | |
| Corporate name or jurisdiction name as entry element | Brad Krevoy Television, |
| Relator term | production company. |
| 9 (RLIN) | 5690727 |
| 710 2# - ADDED ENTRY--CORPORATE NAME | |
| Corporate name or jurisdiction name as entry element | Canadian Film or Video Production Tax Credit (Program), |
| Relator term | production company. |
| 9 (RLIN) | 5735322 |
| 942 ## - ADDED ENTRY ELEMENTS (KOHA) | |
| Koha item type | DVD |
| 948 ## - LOCAL PROCESSING INFORMATION (OCLC); SERIES PART DESIGNATOR (RLIN) | |
| Series part designator, SPT (RLIN) | 06/21/2019 |
| z (OCLC) | Sirsi |
| 994 ## - | |
| -- | C0 |
| -- | WACOL |
| 996 ## - | |
| -- | 167236 |
| -- | 34301001633892 |
| -- | DVD |
| -- | DVD |
| -- | wcl |
| -- | i |
| -- | 8 |
| -- | 14.99 |
| -- | Midwest Tape |
| -- | Roy |
| -- | 06/21/2019 |
| -- | 03/14/2020 |
| -- | 03/10/2020 |
| Withdrawn status | Lost status | Source of classification or shelving scheme | Damaged status | Not for loan | Collection code | Home library | Current library | Shelving location | Date acquired | Source of acquisition | Cost, normal purchase price | Total Checkouts | Total Renewals | Full call number | Barcode | Date last seen | Date checked out | Cost, replacement price | Price effective from | Koha item type |
|---|---|---|---|---|---|---|---|---|---|---|---|---|---|---|---|---|---|---|---|---|
| Dewey Decimal Classification | Movies | Wasatch County Library | Wasatch County Library | Audio Visual Area | 06/21/2019 | 14.99 | 18 | 12 | DVD Roy | 34301001633892 | 03/20/2025 | 03/08/2025 | 14.99 | 03/20/2020 | DVD |
